banner koha

É a vez da safra de inverno (Registro n. 328141)

MARC details
000 -LÍDER
fixed length control field 00937nab a2200289 4500
003 - CÓDIGO MARC DA AGÊNCIA CATALOGADORA
Campo de controle BR-BrBNA
005 - DATA E HORA DA ÚLTIMA ATUALIZAÇÃO
Campo de controle 20241016111221.0
008 - CAMPO DE TAMANHO FIXO
fixed length control field 241016b bl.||||| |||| 00| 0 por d
040 ## - FONTE DA CATALOGAÇÃO
Agência catalogadora BR-BrBNA
Idioma da catalogação por
072 ## - CATEGORIA AGRIS
Código AGRIS F01 ; Q04 ; E70
Código do objeto 1850
100 ## - ENTRADA PRINCIPAL - NOME PESSOAL
Nome pessoal Lacombe, Renata B.
100 ## - ENTRADA PRINCIPAL - NOME PESSOAL
Nome pessoal Silva, Rafaela Cristina da
245 ## - TÍTULO PRINCIPAL
Título principal É a vez da safra de inverno
Subtítulo Tomate
500 ## - NOTA GERAL
Nota geral 1 illus.; 1 graph
942 ## - ADDED ENTRY ELEMENTS (KOHA)
Koha item type Analítica
650 ## - ASSUNTO - THESAGRO
Cabeçalho tópico ou nome geográfico TOMATE
650 ## - ASSUNTO - THESAGRO
Cabeçalho tópico ou nome geográfico PREVISÃO DE SAFRA
650 ## - ASSUNTO - THESAGRO
Cabeçalho tópico ou nome geográfico INVERNO
650 ## - ASSUNTO - THESAGRO
Cabeçalho tópico ou nome geográfico CHUVA
650 ## - ASSUNTO - THESAGRO
Cabeçalho tópico ou nome geográfico PRAGA DE PLANTA
650 ## - ASSUNTO - THESAGRO
Cabeçalho tópico ou nome geográfico QUALIDADE DO ALIMENTO
650 ## - ASSUNTO - THESAGRO
Cabeçalho tópico ou nome geográfico RETRAÇÃO DOS CONSUMIDORES
650 ## - ASSUNTO - THESAGRO
Cabeçalho tópico ou nome geográfico QUEDA NO PREÇO
650 ## - ASSUNTO - THESAGRO
Cabeçalho tópico ou nome geográfico COMERCIALIZAÇÃO
773 0# - ENTRADA ANALÍTICA
Host Biblionumber 4115
Registro do item 345043
Imprenta Piracicaba-SP Centro de Estudos Avançados em Economia Aplicada-CEPEA/USP/ESALQ 2002
Outro identificador 2024-5456
Título Hortifruti Brasil (Brazil)
ISSN 1981-1837
Colação v. 3(24) p. 8; (May 2004)
Número de controle de registro BR2024003059

Nenhum exemplar disponível.

BINAGRI

Telefone: (61)3218-2567/2388/3357/2097 - binagri@agro.gov.br

Ministério da Agricultura e Pecuária , Esplanada dos Ministérios, Bloco D, Anexo B, Brasília/DF, CEP: 70.043-900